000
00321nam a22001337a 4500
008
250303b |||||||| |||| 00| 0 eng d
020
_a
0091656214
050
_a
HD1431
_b
.H37
100
_a
HARRISS, John
245
_a
Rural Development
260
_a
London
_b
English Language Book Society
300
_a
409p.
942
_c
BK
999
_c
2025
_d
2025